000 00928nam0a2200301 4500
001 RU\NLR\bibl\483761
005 20250623193443.0
010 _a5-329-00070-Х
_910000
021 _aRU
_b2003-68116
_93360
035 _a(NLR Aleph) 000476508
090 _a1026660
_c1026660
100 _a20040128d2004 |||y0rusy50 ca
101 1 _arus
_ceng
102 _aRU
105 _aa |||||||||
200 1 _a1001 вопрос и ответ
_eдетская энциклопедия
_fПод ред. В. Иген и Н. Чемпиона
210 _aМ.
_cОНИКС 21 век
_cОникс
_d2004
215 _a160 с.
_cцв. ил.
_d32
320 _aАлфавит. указ.: с. 159-160
686 _aШ9
_bЯ20
702 1 _aИген
_bВ
_gВиктория
_4340
801 0 _aRU
_bNLR
_c20040128
_gPSBO
801 1 _aRU
_bNLR
_c20040128
942 _cBOOK
980 _aNB